000 00586cam a22002051 4500
001 ne 68001739
003 DLC
005 20260227111841.0
008 890331q1961 xx 000 0 ara
010 _ane 68001739
035 _a(OCoLC)23499147
040 _aDLC
_cMiU
_dDLC
050 0 0 _aPJ6620
_b.J37 1961
100 1 _aJazāʼirī, Nūr al-Dīn ibn Niʻmat Allāh,
_d-1745 or 1746.
245 1 0 _aFurūq al-lughāt.
260 _c.1380 [i.e. 1381, 1961 or 2]
300 _a8, 334 p.
_c18 cm.
500 _aRomanized.
650 0 _aArabic language
_xGlossaries, vocabularies, etc.
999 _c50363
_d50363